Adult health nursing / (Record no. 19184)
[ view plain ]
| 000 -LEADER | |
|---|---|
| fixed length control field | 01899cam a22003255a 4500 |
| 001 - CONTROL NUMBER | |
| control field | 18157115 |
| 005 - DATE AND TIME OF LATEST TRANSACTION | |
| control field | 20201128021231.0 |
| 008 - FIXED-LENGTH DATA ELEMENTS--GENERAL INFORMATION | |
| fixed length control field | 140515t2015 moua frbd 001 0 eng d |
| 020 ## - INTERNATIONAL STANDARD BOOK NUMBER | |
| International Standard Book Number | 9780323100021 |
| 040 ## - CATALOGING SOURCE | |
| Original cataloging agency | DNLM/DLC |
| Transcribing agency | DLC |
| Modifying agency | EG-ScBUE |
| Language of cataloging | eng |
| 082 04 - DEWEY DECIMAL CLASSIFICATION NUMBER | |
| Classification number | 610.730693 |
| Edition number | 22 |
| Item number | COO |
| 100 1# - MAIN ENTRY--PERSONAL NAME | |
| 9 (RLIN) | 37624 |
| Personal name | Cooper, Kim |
| Fuller form of name | (Kim D.) |
| 245 10 - TITLE STATEMENT | |
| Title | Adult health nursing / |
| Statement of responsibility, etc | Kim Cooper, Kelly Gosnell. |
| 250 ## - EDITION STATEMENT | |
| Edition statement | 7th ed. |
| 260 ## - PUBLICATION, DISTRIBUTION, ETC. (IMPRINT) | |
| Place of publication, distribution, etc | Missouri : |
| Name of publisher, distributor, etc | Elsevier / Mosby, |
| Date of publication, distribution, etc | c.2015. |
| 300 ## - PHYSICAL DESCRIPTION | |
| Extent | xviii, 876 p. ; |
| Other physical details | ill. (col.) : |
| Dimensions | 28 cm. |
| 500 ## - GENERAL NOTE | |
| General note | Preceeded by: Adult health nursing [edited by] Barbara Lauritsen Christensen, Elaine Oden Kockrow. 6th ed. 2011. |
| 500 ## - GENERAL NOTE | |
| General note | Companion to : Foundations of nursing. 7th edition. 2015. |
| 500 ## - GENERAL NOTE | |
| General note | Evolve study resources free with new textbook purchase. |
| 500 ## - GENERAL NOTE | |
| General note | Glossary : p. 847-853. |
| 500 ## - GENERAL NOTE | |
| General note | Index : p. 855-876. |
| 504 ## - BIBLIOGRAPHY, ETC. NOTE | |
| Bibliography, etc | Bibliography : p. 833-846.<br/> |
| 505 0# - FORMATTED CONTENTS NOTE | |
| Formatted contents note | Introduction to anatomy and physiology-Care of the surgical patient-Care of the patient with an integumentary disorder-Care of the patient with a musculoskeletal disorder-Care of the patient with a gastrointestinal disorder-Care of the patient with a gallbladder, liver, biliary tract, or exocrine pancreatic disorder-Care of the patient with a blood or lymphatic disorder-Care of the patient with a cardiovascular or a peripheral vascular disorder-Care of the patient with an endocrine disorder-Care of the patient with a reproductive disorder-Care of the patient with sensory disorders-Care of the patient with a neurologic disorder-Care of the patient with an immune disorder-Care of the patient with HIV/AIDS-Care of the patient with cancer. |
| 650 #7 - SUBJECT ADDED ENTRY--TOPICAL TERM | |
| Topical term or geographic name as entry element | Intensive care nursing. |
| 9 (RLIN) | 2174 |
| Source of heading or term | BUEsh |
| 650 #7 - SUBJECT ADDED ENTRY--TOPICAL TERM | |
| Topical term or geographic name as entry element | Practical nursing |
| 9 (RLIN) | 22970 |
| Source of heading or term | BUEsh |
| 651 ## - SUBJECT ADDED ENTRY--GEOGRAPHIC NAME | |
| Source of heading or term | BUEsh |
| 653 ## - INDEX TERM--UNCONTROLLED | |
| Resource For college | Nursing |
| Arrived date list | April2015 |
| -- | February2016 |
| 700 1# - ADDED ENTRY--PERSONAL NAME | |
| Personal name | Gosnell, Kelly. |
| 9 (RLIN) | 37625 |
| 942 ## - ADDED ENTRY ELEMENTS (KOHA) | |
| Source of classification or shelving scheme | Dewey Decimal Classification |
| Withdrawn status | Item status | Source of classification or shelving scheme | Damaged status | Not for loan | Vendor | Home library | Current library | Shelving location | Date acquired | Source of acquisition | Cost, normal purchase price | Serial Enumeration / chronology | Total Checkouts | Total Renewals | Full call number | Barcode | Checked out | Date last seen | Date last borrowed | Cost, replacement price | Koha item type |
|---|---|---|---|---|---|---|---|---|---|---|---|---|---|---|---|---|---|---|---|---|---|
| Dewey Decimal Classification | Baccah | Central Library | Central Library | First floor | 14/04/2015 | 536.00 | 21925 | 4 | 16 | 610.730693 COO | 000037992 | 28/10/2023 | 29/08/2023 | 29/08/2023 | 670.00 | Book - Borrowing | |||||
| Dewey Decimal Classification | Academic Bookshop | Central Library | Central Library | First floor | 22/02/2016 | Purchase | 880.00 | 4862 | 2 | 5 | 610.730693 COO | 000031649 | 15/07/2025 | 14/10/2021 | 1100.00 | Book - Borrowing | |||||
| Dewey Decimal Classification | Academic Bookshop | Central Library | Central Library | First floor | 22/02/2016 | Purchase | 880.00 | 4862 | 3 | 21 | 610.730693 COO | 000031650 | 15/07/2025 | 04/02/2023 | 1100.00 | Book - Borrowing | |||||
| Dewey Decimal Classification | Academic Bookshop | Central Library | Central Library | First floor | 22/02/2016 | Purchase | 880.00 | 4862 | 2 | 6 | 610.730693 COO | 000031651 | 15/07/2025 | 27/03/2019 | 1100.00 | Book - Borrowing |